00632 a2200145 450000500170000002000180001710000140003524500450004926000450009430000330013994200130017299900150018595201430020095201430034320250628175743.0 a9966-28-299-8 aSALEEMI N aTaxation Simplified: Revised and Updated aNairobi bSaleemi Publication LTD c2014 a478p.;table bAppenix c20cm 2ddccBKS c6149d6149 r2025-06-28 17:59:28l0o336.267 SALpMBY000936v105000.00w2025-06-28yBKS102ddc407000a002b002cGENd2016-02-23ePurchaseg35000.00 r2025-06-28 17:59:28l0o336.267 SALpMBY000937v105000.00w2025-06-28yBKS102ddc407000a002b002cGENd2016-02-23ePurchaseg35000.00